000 01221nam a2200325 c 4500
003 BLK
005 20221019165626.0
008 180409b bul|||||r ||||||| ||bul||
010 _aKNG00102475000
040 _aBLK
041 _aBUL
_cBUL
080 _aФренска литература
_b821.133.1
_x-31
_z821.133.1-31
100 1 _aДюма, Александър
_eпърви автор
_9364540
700 1 _aРозева, Невена
_9374337
139 _aДюма, Александър
_bД 98
245 1 0 _aГраф Монте Кристо
_bРоман : Т. 1 - 2
_cАлександър Дюма; прев. на том Невена Розева.
_nТ. 2
250 _a4. изд.
257 _aFRA
260 София
_bНар. младеж
_c1987 -
300 _c22 см
380 _aX
500 _aОриг. загл. Le comte Monte Christo / Alexandre Dumas. - 1. изд. 1966. - 100 150 тир.
653 _aромани
760 1 _aДюма, Александър
_b4. изд.
_d1987
_h575 с. : с цв. ил.
_tТ. 2
852 _aЦб 146319
856 4 _qpdf
_u
856 4 _qpdf
_u
942 _cKNG
_n0
944 _aCR
_c01.01.1999
_kЛюдмила_Стоянова
944 _aED
_c20.10.2010
_k
999 _c97563
_d97563